Fallen gods / (Record no. 414679)
[ view plain ]
| 000 -LEADER | |
|---|---|
| fixed length control field | 01984nam a2200385 i 4500 |
| 001 - CONTROL NUMBER | |
| control field | in903106097 |
| 005 - DATE AND TIME OF LATEST TRANSACTION | |
| control field | 20260107111246.0 |
| 008 - FIXED-LENGTH DATA ELEMENTS--GENERAL INFORMATION | |
| fixed length control field | 251119s2025 pau 000 1 eng d |
| 020 ## - INTERNATIONAL STANDARD BOOK NUMBER | |
| International Standard Book Number | 9781649374677 |
| Qualifying information | (hardback ; |
| -- | deluxe edition) |
| 020 ## - INTERNATIONAL STANDARD BOOK NUMBER | |
| International Standard Book Number | 9781035050758 |
| Qualifying information | (paperback) |
| 035 ## - SYSTEM CONTROL NUMBER | |
| System control number | (OCoLC)1552587666 |
| 040 ## - CATALOGING SOURCE | |
| Original cataloging agency | TnLvILS |
| Language of cataloging | eng |
| Transcribing agency | TnLvILS |
| Description conventions | rda |
| Modifying agency | TnLvILS |
| 050 #4 - LIBRARY OF CONGRESS CALL NUMBER | |
| Classification number | PS3622.A5854845 |
| Item number | F35 2025 |
| 082 04 - DEWEY DECIMAL CLASSIFICATION NUMBER | |
| Classification number | 813/.6 |
| Edition number | 23/eng/20251119 |
| 092 ## - LOCALLY ASSIGNED DEWEY CALL NUMBER (OCLC) | |
| Classification number | fiction |
| Item number | Van Dyken, Rachel |
| 100 1# - MAIN ENTRY--PERSONAL NAME | |
| Personal name | Van Dyken, Rachel, |
| Relator term | author. |
| 245 10 - TITLE STATEMENT | |
| Title | Fallen gods / |
| Statement of responsibility, etc | Rachel Van Dyken. |
| 250 ## - EDITION STATEMENT | |
| Edition statement | First edition. |
| 264 #1 - Production, Publication, Distribution, Manufacture, and Copyright Notice. | |
| Place of production, publication, distribution, manufacture | Shrewsbury, PA : |
| Name of producer, publisher, distributor, manufacturer | Red Tower Books, |
| Date of production, publication, distribution, manufacture, or copyr | 2025. |
| 300 ## - PHYSICAL DESCRIPTION | |
| Extent | 395 pages ; |
| Dimensions | 24 cm |
| 336 ## - Content Type | |
| Content type term | text |
| 337 ## - Media type | |
| Media type term | unmediated |
| 338 ## - Carrier type | |
| Carrier type term | volume |
| 490 0# - SERIES STATEMENT | |
| Series statement | Fallen Gods ; |
| Volume number/sequential designation | 1 |
| 520 ## - SUMMARY, ETC. | |
| Summary, etc | "The Gods aren't dead--they're only sleeping, locked in mortal bodies, scattered across the world, waiting for the right spark to wake them. And my father is the most ruthless of them all. He raised me to obey. To bleed. To be his blade when the time came. Now he's sending me to Endir University, a place filled with ancient bloodlines and deadly secrets, to steal back Mjolnir, the hammer of legend. If I fail, everyone I love dies. But Aric Erikson wasn't part of the plan. He's the enemy's heir. Distant. Dangerous. And the one person I can't afford to fall for. He's closed himself off completely behind a wall of ice, but the more I'm ordered to unravel him, the harder it becomes to remember where the lies end and I begin"-- |
| 650 #0 - SUBJECT ADDED ENTRY--TOPICAL TERM | |
| Topical term or geographic name as entry element | Gods |
| Form subdivision | Fiction. |
| 9 (RLIN) | 5700503 |
| 650 #0 - SUBJECT ADDED ENTRY--TOPICAL TERM | |
| Topical term or geographic name as entry element | Giants |
| Form subdivision | Fiction. |
| 9 (RLIN) | 5687807 |
| 650 #0 - SUBJECT ADDED ENTRY--TOPICAL TERM | |
| Topical term or geographic name as entry element | Fathers and daughters |
| Form subdivision | Fiction. |
| 9 (RLIN) | 5673846 |
| 650 #0 - SUBJECT ADDED ENTRY--TOPICAL TERM | |
| Topical term or geographic name as entry element | Hammers |
| Form subdivision | Fiction. |
| 9 (RLIN) | 6521314 |
| 650 #0 - SUBJECT ADDED ENTRY--TOPICAL TERM | |
| Topical term or geographic name as entry element | Man-woman relationships |
| Form subdivision | Fiction. |
| 9 (RLIN) | 5674079 |
| 655 #7 - INDEX TERM--GENRE/FORM | |
| Genre/form data or focus term | Romance fiction. |
| Source of term | lcgft |
| 655 #7 - INDEX TERM--GENRE/FORM | |
| Genre/form data or focus term | Fantasy fiction. |
| Source of term | lcgft |
| 655 #7 - INDEX TERM--GENRE/FORM | |
| Genre/form data or focus term | Mythological fiction |
| Form subdivision | Fiction. |
| 9 (RLIN) | 6558225 |
| 942 ## - ADDED ENTRY ELEMENTS (KOHA) | |
| Source of classification or shelving scheme | Dewey Decimal Classification |
| Koha item type | BOOK |
| Withdrawn status | Lost status | Source of classification or shelving scheme | Damaged status | Not for loan | Collection code | Home library | Current library | Shelving location | Date acquired | Source of acquisition | Serial Enumeration / chronology | Total Checkouts | Total Renewals | Full call number | Barcode | Checked out | Date last seen | Date checked out | Cost, replacement price | Price effective from | Koha item type |
|---|---|---|---|---|---|---|---|---|---|---|---|---|---|---|---|---|---|---|---|---|---|
| Dewey Decimal Classification | Fiction | Wasatch County Library | Wasatch County Library | First Floor | 01/08/2026 | Ingram | #1 Fallen Gods | 3 | 3 | F Van Dyken | 34301002105445 | 04/27/2026 | 02/26/2026 | 02/26/2026 | 32.99 | 01/08/2026 | BOOK |
